[Event "SWE-chT 1415 Superettan"]
[Site "Sweden"]
[Date "2015.03.20"]
[Round "7"]
[White "Fries Nielsen, Niels Jorgen"]
[Black "Mansson, Lars"]
[Result "1-0"]
[WhiteElo "2327"]
[BlackElo "2215"]
[PlyCount "121"]
[EventDate "2014.11.21"]
[EventType "team-tourn"]
[EventRounds "9"]
[EventCountry "SWE"]
[SourceTitle "EXT 2018"]
[Source "ChessBase"]
[SourceDate "2017.10.13"]
[SourceVersion "1"]
[SourceVersionDate "2017.10.13"]
[SourceQuality "1"]
[WhiteTeam "Burgsvik Alva"]
[BlackTeam "Limhamn II"]
[WhiteTeamCountry "SWE"]
[BlackTeamCountry "SWE"]

1. Nf3 Nf6 2. d4 d5 3. e3 c6 4. Bd3 Bg4 5. h3 Bh5 6. g4 Bg6 7. Ne5 Nbd7 8. g5 Nxe5 9. dxe5 Bh5 10. Be2 Bxe2 11. Qxe2 Ne4 12. h4 e6 13. Rg1 Qc7 14. f3 Nc5 15. f4 0-0-0 16. Nc3 Be7 17. Bd2 d4 18. exd4 Rxd4 19. 0-0-0 Na4 20. Nxa4 Rxa4 21. Kb1 Bc5 22. Rgf1 Rd8 23. Bc1 g6 24. c3 Rd5 25. b3 Ra6 26. h5 Be7 27. hxg6 hxg6 28. Rh1 Qd8 29. c4 Rxd1 30. Rxd1 Qa5 31. Be3 b5 32. c5 Qc3 33. Rc1 Qb4 34. Qd3 Qa5 35. Qd2 b4 36. Rc4 Kc7 37. Qh2 Kd7 38. Qc2 Ke8 39. Bd2 Qd8 40. Bxb4 Qd5 41. Qd2 Qh1+ 42. Kb2 Qg1 43. a3 Qf1 44. Rc1 Qb5 45. Rd1 Qb7 46. Qd3 Qb5 47. Rd2 Qxd3 48. Rxd3 Bf8 49. Kc3 Be7 50. Kc4 Bf8 51. a4 Be7 52. Rh3 Bf8 53. Bc3 Be7 54. a5 Bd8 55. b4 Bxa5 56. bxa5 Kd7 57. Rd3+ Ke7 58. Kd4 Kd7 59. Ke4+ Ke7 60. Rd6 Ke8 61. f5 1-0

[Event "SWE-chT 1415 Superettan"]
[Site "Sweden"]
[Date "2015.01.17"]
[Round "4"]
[White "Andreasson, Ingvar"]
[Black "Mansson, Lars"]
[Result "1/2-1/2"]
[WhiteElo "2350"]
[BlackElo "2215"]
[PlyCount "110"]
[EventDate "2014.11.21"]
[EventType "team-tourn"]
[EventRounds "9"]
[EventCountry "SWE"]
[SourceTitle "EXT 2018"]
[Source "ChessBase"]
[SourceDate "2017.10.13"]
[SourceVersion "1"]
[SourceVersionDate "2017.10.13"]
[SourceQuality "1"]
[WhiteTeam "Kamraterna"]
[BlackTeam "Limhamn II"]
[WhiteTeamCountry "SWE"]
[BlackTeamCountry "SWE"]

1. Nf3 Nf6 2. b3 d5 3. Bb2 c6 4. d3 Bg4 5. Nbd2 Nbd7 6. h3 Bh5 7. e4 dxe4 8. dxe4 Qa5 9. Bd3 Bxf3 10. Qxf3 e6 11. a3 Ne5 12. Qe2 Rd8 13. b4 Qc7 14. Nc4 Nxc4 15. Bxc4 a5 16. b5 Qf4 17. Bd3 Nd7 18. bxc6 bxc6 19. g3 Qc7 20. 0-0 Ne5 21. Kg2 Bc5 22. Rad1 Rb8 23. Bc1 0-0 24. Ba6 Qe7 25. f4 Nd7 26. Rf3 Nb6 27. h4 Rfd8 28. Rfd3 Rxd3 29. Rxd3 Ra8 30. Rb3 h6 31. h5 e5 32. fxe5 Qxe5 33. Bf4 Qa1 34. Qf1 Qd4 35. Qd3 Qg1+ 36. Kh3 Qh1+ 37. Kg4 Re8 38. Qf3 Qe1 39. Bd3 Nd7 40. Kh3 Ne5 41. Bxe5 Rxe5 42. g4 Bd6 43. Bc4 Re7 44. Rd3 Bc7 45. Rd1 Qxe4 46. Bxf7+ Kf8 47. Qxe4 Rxe4 48. Rd7 Re7 49. Rxe7 Kxe7 50. Bg6 Kd6 51. a4 Kd5 52. Kg2 Kc4 53. Be8 c5 54. Bb5+ Kc3 55. Bd3 c4 1/2-1/2

[Event "SWE-chT 1415 Superettan"]
[Site "Sweden"]
[Date "2014.11.23"]
[Round "3"]
[White "Mansson, Lars"]
[Black "Kenneskog, Theodor"]
[Result "0-1"]
[WhiteElo "2215"]
[BlackElo "2289"]
[PlyCount "80"]
[EventDate "2014.11.21"]
[EventType "team-tourn"]
[EventRounds "9"]
[EventCountry "SWE"]
[SourceTitle "EXT 2018"]
[Source "ChessBase"]
[SourceDate "2017.10.13"]
[SourceVersion "1"]
[SourceVersionDate "2017.10.13"]
[SourceQuality "1"]
[WhiteTeam "Limhamn II"]
[BlackTeam "Stockholm Rockaden II"]
[WhiteTeamCountry "SWE"]
[BlackTeamCountry "SWE"]

1. e4 c5 2. Nf3 d6 3. Bb5+ Nd7 4. d4 cxd4 5. Qxd4 a6 6. Bxd7+ Bxd7 7. 0-0 Rc8 8. Nc3 e5 9. Qd3 h6 10. Be3 Nf6 11. h3 Be7 12. a4 Be6 13. Rfd1 Qc7 14. a5 0-0 15. Nd2 Qc6 16. Nf1 Bc4 17. Qd2 Nxe4 18. Nxe4 Qxe4 19. Ng3 Qg6 20. Kh2 h5 21. Rac1 h4 22. Ne2 d5 23. b3 Bxe2 24. Qxe2 Ba3 25. Rxd5 Bxc1 26. Bxc1 Qxc2 27. Bd2 Rfd8 28. Qxe5 Rxd5 29. Qxd5 Qc7+ 30. Kg1 Rd8 31. Qg5 f6 32. Qe3 Qe5 33. Qxe5 fxe5 34. Bg5 Rd1+ 35. Kh2 Rd4 36. Kg1 Rb4 37. Kf1 Rxb3 38. Bd8 Kf7 39. Ke2 Ke8 40. Bc7 Rb5 0-1

[Event "SWE-chT 1415 Superettan"]
[Site "Sweden"]
[Date "2014.11.22"]
[Round "2"]
[White "Johansson, Jan"]
[Black "Mansson, Lars"]
[Result "1/2-1/2"]
[WhiteElo "2370"]
[BlackElo "2215"]
[PlyCount "125"]
[EventDate "2014.11.21"]
[EventType "team-tourn"]
[EventRounds "9"]
[EventCountry "SWE"]
[SourceTitle "EXT 2018"]
[Source "ChessBase"]
[SourceDate "2017.10.13"]
[SourceVersion "1"]
[SourceVersionDate "2017.10.13"]
[SourceQuality "1"]
[WhiteTeam "Upsala"]
[BlackTeam "Limhamn II"]
[WhiteTeamCountry "SWE"]
[BlackTeamCountry "SWE"]

1. e4 c6 2. d4 d5 3. Nc3 dxe4 4. Nxe4 Nf6 5. Nxf6+ gxf6 6. c3 Bf5 7. Bc4 e6 8. Nf3 Qc7 9. Nh4 Bg6 10. Qf3 Nd7 11. Qh3 Bg7 12. f4 f5 13. 0-0 0-0-0 14. Nf3 Nb6 15. Bb3 c5 16. Be3 c4 17. Bc2 Nd5 18. Ne5 f6 19. Nxg6 hxg6 20. Qg3 g5 21. Rae1 Bf8 22. Bd2 gxf4 23. Qf3 Ne3 24. Bxe3 fxe3 25. Rxe3 Qxh2+ 26. Kf2 Rh4 27. Ke2 Qd6 28. Kd1 Kb8 29. Rxe6 Rxd4+ 30. cxd4 Qxe6 31. Bxf5 Rxd4+ 32. Kc2 Qe5 33. Bg6 Bh6 34. Rd1 a6 35. Rxd4 Qxd4 36. Qg3+ Bf4 37. Qe1 Be5 38. Qc1 Qg4 39. Bh7 Qxg2+ 40. Kb1 Bxb2 41. Qxc4 Be5 42. Qg8+ Qxg8 43. Bxg8 Kc7 44. Kc2 Kd6 45. Kd3 Kc5 46. Be6 b5 47. Bf5 a5 48. Be6 Kd6 49. Bf5 Bg3 50. Kd4 Bf2+ 51. Kd3 Ke5 52. Bd7 b4 53. Bc6 f5 54. Bd7 Bg1 55. Bc6 Kf4 56. Kc4 Bf2 57. Kb5 Be1 58. Bd5 Kg3 59. Bb3 f4 60. Kxa5 f3 61. Ka4 f2 62. Bc4 Kg2 63. a3 1/2-1/2

[Event "SWE-chT2 1314"]
[Site "Sweden"]
[Date "2014.01.18"]
[Round "4"]
[White "Mansson, Lars"]
[Black "Andreasson, Ingvar"]
[Result "0-1"]
[WhiteElo "2221"]
[BlackElo "2335"]
[PlyCount "120"]
[EventDate "2013.11.22"]
[EventType "team-tourn"]
[EventRounds "9"]
[EventCountry "SWE"]
[SourceTitle "EXT 2015"]
[Source "ChessBase"]
[SourceDate "2014.11.20"]
[SourceVersion "1"]
[SourceVersionDate "2014.11.20"]
[SourceQuality "1"]
[WhiteTeam "Limhamn II"]
[BlackTeam "Kamraterna"]
[WhiteTeamCountry "SWE"]
[BlackTeamCountry "SWE"]

1. e4 c5 2. Nf3 e6 3. d4 cxd4 4. Nxd4 a6 5. Bd3 Ne7 6. 0-0 Nec6 7. Nxc6 Nxc6 8. Nc3 b5 9. Kh1 Be7 10. f4 d6 11. Be3 Bd7 12. Qf3 0-0 13. Rae1 Nb4 14. Bd4 Nxd3 15. Qxd3 b4 16. Ne2 Bb5 17. Qe3 Rc8 18. c3 bxc3 19. Bxc3 Bf6 20. Rf3 Bxe2 21. Qxe2 Bxc3 22. bxc3 Qa5 23. Qd2 Rc6 24. f5 Qe5 25. Ref1 f6 26. fxe6 Qxe6 27. Rd3 Re8 28. h3 Qxe4 29. Rxd6 Rc5 30. Rd8 h5 31. Rxe8+ Qxe8 32. Re1 Qc8 33. Re3 Rg5 34. Qe1 Kh7 35. Re8 Qb7 36. Qe4+ Qxe4 37. Rxe4 Rc5 38. Re6 a5 39. Ra6 Kg6 40. Kg1 Kf5 41. Kf2 Ke4 42. Ke2 Rg5 43. Kf2 h4 44. Rc6 Kd3 45. Kf3 Rf5+ 46. Kg4 Rf2 47. Kxh4 Rxg2 48. c4 Rxa2 49. c5 Kd4 50. Rc8 Kd5 51. Kh5 a4 52. Kg6 Rg2+ 53. Kf7 a3 54. c6 a2 55. c7 Kc6 56. Ra8 Kxc7 57. h4 f5 58. Ra3 f4 59. h5 f3 60. Rc3+ Kd6 0-1

[Event "SWE-chT 1314"]
[Site "Sweden"]
[Date "2013.11.22"]
[Round "1.1"]
[White "Akerman, Axel"]
[Black "Mansson, Lars"]
[Result "0-1"]
[WhiteElo "2103"]
[BlackElo "2212"]
[PlyCount "116"]
[EventDate "2013.11.22"]
[EventType "team-tourn"]
[EventRounds "9"]
[EventCountry "SWE"]
[SourceTitle "CBM 157 Extra"]
[Source "ChessBase"]
[SourceDate "2013.12.19"]
[SourceVersion "1"]
[SourceVersionDate "2013.12.19"]
[SourceQuality "1"]
[WhiteTeam "Burgsvik Alva"]
[BlackTeam "Limhamn"]
[WhiteTeamCountry "SWE"]
[BlackTeamCountry "SWE"]

1. e4 c6 2. d4 d5 3. e5 Bf5 4. Nf3 e6 5. Be2 Nd7 6. 0-0 Ne7 7. Nbd2 h5 8. c4 Ng6 9. Nb3 dxc4 10. Bxc4 Be7 11. Be3 Nb6 12. Bd3 Bxd3 13. Qxd3 h4 14. h3 Nd5 15. Rad1 Rh5 16. Nfd2 Ngf4 17. Bxf4 Nxf4 18. Qf3 Rf5 19. Ne4 Kf8 20. Qg4 Qd5 21. Rfe1 a5 22. g3 Ng6 23. Re3 b6 24. Qe2 a4 25. Nc1 hxg3 26. fxg3 Rd8 27. Nc3 Qa5 28. Re4 b5 29. g4 Rf4 30. Rxf4 Nxf4 31. Qf3 g5 32. h4 Qa7 33. Qe4 Kg7 34. h5 a3 35. b3 Bb4 36. N1e2 Bxc3 37. Nxc3 b4 38. Na4 Rxd4 39. Rxd4 Qxd4+ 40. Qxd4 Ne2+ 41. Kf2 Nxd4 42. Nc5 Nb5 43. Nd3 c5 44. Nxc5 Nc3 45. Nd3 Nxa2 46. Ke3 Nc3 47. Ne1 f6 48. exf6+ Kxf6 49. Nc2 Nd5+ 50. Ke4 Kf7 51. Ke5 a2 52. Kd4 Nf6 53. Kc4 Nxg4 54. Kxb4 Ne3 55. Nxe3 a1Q 56. Nc4 g4 57. Kc5 g3 58. Nd6+ Kg8 0-1

[Event "SWE-chT2 1213"]
[Site "Sweden"]
[Date "2012.12.02"]
[Round "4"]
[White "Mansson, Lars"]
[Black "Ernst, Thomas"]
[Result "0-1"]
[WhiteElo "2206"]
[BlackElo "2398"]
[PlyCount "82"]
[EventDate "2012.10.20"]
[EventType "team-tourn"]
[EventRounds "9"]
[EventCountry "SWE"]
[SourceTitle "EXT 2015"]
[Source "ChessBase"]
[SourceDate "2014.11.20"]
[SourceVersion "1"]
[SourceVersionDate "2014.11.20"]
[SourceQuality "1"]
[WhiteTeam "Limhamn II"]
[BlackTeam "Sollentuna"]
[WhiteTeamCountry "SWE"]
[BlackTeamCountry "SWE"]

1. e4 c5 2. Nf3 e6 3. d4 cxd4 4. Nxd4 Nf6 5. Nc3 d6 6. g3 Be7 7. Bg2 a6 8. 0-0 Qc7 9. h3 Nc6 10. Nde2 b5 11. a3 0-0 12. Kh1 Rb8 13. f4 a5 14. a4 bxa4 15. Rxa4 Ba6 16. Rg1 Rfd8 17. f5 Nd7 18. Nf4 Nc5 19. fxe6 fxe6 20. Ra3 Ne5 21. Na4 Qc6 22. Nxc5 dxc5 23. Qe1 c4 24. Qxa5 Bxa3 25. Qxe5 Bf8 26. Qxe6+ Qxe6 27. Nxe6 Rd7 28. e5 Bb7 29. Bxb7 Rbxb7 30. Re1 Be7 31. Kg2 Rb5 32. Nf4 g5 33. Nh5 Rdd5 34. Re4 Rxe5 35. Rxc4 Re1 36. Rc7 Kf7 37. c4 Rbe5 38. Bxg5 Rxg5 39. Nf4 Rc1 40. h4 Rc5 41. Rb7 R1xc4 0-1

[Event "SWE-chT 1011"]
[Site "Sweden"]
[Date "2010.10.10"]
[Round "3.6"]
[White "Jaderberg, Bjorn"]
[Black "Mansson, Lars"]
[Result "1/2-1/2"]
[WhiteElo "2095"]
[BlackElo "2217"]
[PlyCount "85"]
[EventDate "2010.10.08"]
[EventType "team-tourn"]
[EventRounds "11"]
[EventCountry "SWE"]
[SourceTitle "CBM 138 Extra"]
[Source "ChessBase"]
[SourceDate "2010.10.29"]
[SourceVersion "1"]
[SourceVersionDate "2010.10.29"]
[SourceQuality "1"]
[WhiteTeam "Farsta"]
[BlackTeam "Limhamn"]
[WhiteTeamCountry "SWE"]
[BlackTeamCountry "SWE"]

1. c4 c6 2. e4 e5 3. Nc3 d6 4. g3 Nf6 5. Bg2 Be7 6. d4 Qc7 7. Nge2 a6 8. 0-0 0-0 9. b3 Re8 10. h3 Nbd7 11. Be3 Bf8 12. d5 g6 13. Qd2 Qb8 14. Kh2 cxd5 15. cxd5 b5 16. Bg5 Bg7 17. Rac1 a5 18. f4 b4 19. Na4 h6 20. fxe5 hxg5 21. exf6 Nxf6 22. Qxg5 Re5 23. Qf4 Ba6 24. Rf2 Bxe2 25. Rxe2 Nxd5 26. Qf2 Bh6 27. Rf1 Qe8 28. Rc2 Ne3 29. Nb6 Nxf1+ 30. Qxf1 Rb8 31. Nd5 Bg7 32. Qc4 Qd7 33. Qa6 Qd8 34. Rc6 Ra8 35. Qc4 Bf8 36. Rc7 Re6 37. Qc6 Rb8 38. h4 Re5 39. Rd7 Qc8 40. Rc7 Qd8 41. Rd7 Qc8 42. Rc7 Qd8 43. Rd7 1/2-1/2

[Event "SWE-chT 0910"]
[Site "Sweden"]
[Date "2010.03.14"]
[Round "11"]
[White "Iversen, Kent"]
[Black "Mansson, Lars"]
[Result "1/2-1/2"]
[WhiteElo "2078"]
[BlackElo "2212"]
[PlyCount "76"]
[EventDate "2009.10.16"]
[EventType "team"]
[EventRounds "11"]
[EventCountry "SWE"]
[SourceTitle "EXT 2011"]
[Source "ChessBase"]
[SourceDate "2010.11.26"]
[SourceVersion "1"]
[SourceVersionDate "2010.11.26"]
[SourceQuality "1"]
[WhiteTeam "Farsta"]
[BlackTeam "Limhamn"]
[WhiteTeamCountry "SWE"]
[BlackTeamCountry "SWE"]

1. d4 d5 2. Nf3 c6 3. g3 Nf6 4. Bg2 g6 5. 0-0 Bg7 6. Nc3 0-0 7. Re1 Nbd7 8. e4 dxe4 9. Nxe4 Nxe4 10. Rxe4 Nf6 11. Re1 Bg4 12. Qd3 Nd5 13. a3 h6 14. Nh4 Qd7 15. c3 a5 16. Be3 a4 17. f4 Ra5 18. Bf2 Nf6 19. Qd2 Re8 20. Nf3 Rh5 21. Ne5 Qc8 22. Nxg4 Nxg4 23. h3 Nxf2 24. Qxf2 Ra5 25. Rad1 Bf6 26. Qf3 Rd8 27. Re2 Kg7 28. Red2 Rad5 29. Qe2 R5d6 30. Qc4 e5 31. fxe5 Bxe5 32. Rf2 Qe6 33. Qxe6 Rxe6 34. Rdf1 Bf6 35. Bf3 Bg5 36. Re2 Rde8 37. Rfe1 Re3 38. Kg2 f5 1/2-1/2

[Event "SWE-chT 0910"]
[Site "Sweden"]
[Date "2009.11.14"]
[Round "4"]
[White "Mansson, Lars"]
[Black "Nyberg, Ulf"]
[Result "1-0"]
[WhiteElo "2212"]
[BlackElo "2178"]
[PlyCount "83"]
[EventDate "2009.10.16"]
[EventType "team"]
[EventRounds "11"]
[EventCountry "SWE"]
[SourceTitle "EXT 2011"]
[Source "ChessBase"]
[SourceDate "2010.11.26"]
[SourceVersion "1"]
[SourceVersionDate "2010.11.26"]
[SourceQuality "1"]
[WhiteTeam "Limhamn"]
[BlackTeam "Kamraterna"]
[WhiteTeamCountry "SWE"]
[BlackTeamCountry "SWE"]

1. e4 c5 2. Nf3 d6 3. Bb5+ Bd7 4. Bxd7+ Qxd7 5. 0-0 Nc6 6. c3 Nf6 7. d4 cxd4 8. cxd4 d5 9. e5 Ne4 10. Ne1 f6 11. f3 Ng5 12. Bxg5 fxg5 13. f4 gxf4 14. Rxf4 g6 15. Nc2 Bh6 16. Rf3 0-0-0 17. Nc3 Kb8 18. Qe2 Rdf8 19. Raf1 e6 20. Nb5 Rxf3 21. Qxf3 Rf8 22. Qe2 Rf5 23. Rxf5 gxf5 24. b4 Bf8 25. a3 a6 26. Nc3 b5 27. Qh5 Kb7 28. Ne2 a5 29. bxa5 Nxa5 30. Nf4 Nc4 31. Qh3 Ka6 32. Nb4+ Kb6 33. Nc2 Qe7 34. Nb4 Qf7 35. Qh4 Kc7 36. Qg3 Bh6 37. Nfxd5+ Kb7 38. Nf4 Bxf4 39. Qf3+ Kc8 40. Qa8+ Kd7 41. Qb7+ Ke8 42. Qc8+ 1-0

[Event "Politiken Cup 27th"]
[Site "Copenhagen"]
[Date "2005.07.24"]
[Round "10"]
[White "Mansson, Lars"]
[Black "Bryn, Thomas"]
[Result "1-0"]
[WhiteElo "2184"]
[BlackElo "1989"]
[PlyCount "129"]
[EventDate "2005.07.16"]
[EventType "swiss"]
[EventRounds "10"]
[EventCountry "DEN"]
[SourceTitle "CBM 107 Extra"]
[Source "ChessBase"]
[SourceDate "2005.09.01"]
[SourceVersion "1"]
[SourceVersionDate "2005.09.01"]
[SourceQuality "1"]

1. e4 c5 2. Nf3 d6 3. Bb5+ Bd7 4. Bxd7+ Qxd7 5. 0-0 Nf6 6. e5 dxe5 7. Nxe5 Qd6 8. Re1 Nc6 9. Nc4 Qd7 10. Nc3 e6 11. d3 Be7 12. a4 0-0 13. Bd2 Nd5 14. Ne4 Rab8 15. Ng3 b6 16. Nh5 g6 17. Nf4 Bf6 18. Qg4 Bg7 19. Nxd5 Qxd5 20. Rac1 a6 21. Qh3 b5 22. axb5 axb5 23. Ne3 Qd6 24. Rb1 b4 25. Nc4 Qc7 26. Bh6 Bxh6 27. Qxh6 Nd4 28. Ne3 Rfd8 29. Ng4 Qe7 30. Ne5 f6 31. Ng4 Nxc2 32. Red1 Nd4 33. Re1 Nf5 34. Qh3 Rb6 35. Ra1 Rbd6 36. Ne3 Ng7 37. Qh4 Rxd3 38. Qc4 R3d4 39. Qb5 e5 40. Ra5 Ne6 41. Qa4 Nf4 42. Ra7 R4d7 43. Ra6 Nd3 44. Ra1 Qf7 45. Ng4 Kh8 46. h3 f5 47. Nf6 Rc7 48. Qa5 Rdc8 49. Qb6 Kg7 50. Ra7 Kh6 51. R1a6 Qc4 52. Ra1 Qf7 53. h4 Nf4 54. R1a6 Nd3 55. h5 Qc4 56. Ra1 Qf7 57. hxg6 hxg6 58. R1a6 Qc4 59. Ra1 Qf7 60. Rxc7 Qxc7 61. Ng8+ Kg5 62. Qf6+ Kh5 63. Qh8+ Kg5 64. Qh6+ Kg4 65. Nf6# 1-0

[Event "Politiken Cup 27th"]
[Site "Copenhagen"]
[Date "2005.07.21"]
[Round "7"]
[White "Petersen, Nils"]
[Black "Mansson, Lars"]
[Result "0-1"]
[WhiteElo "2012"]
[BlackElo "2184"]
[PlyCount "120"]
[EventDate "2005.07.16"]
[EventType "swiss"]
[EventRounds "10"]
[EventCountry "DEN"]
[SourceTitle "CBM 107 Extra"]
[Source "ChessBase"]
[SourceDate "2005.09.01"]
[SourceVersion "1"]
[SourceVersionDate "2005.09.01"]
[SourceQuality "1"]

1. c4 c6 2. e4 e5 3. Nf3 d6 4. d4 Qc7 5. Be2 Nf6 6. Nc3 Nbd7 7. 0-0 Be7 8. h3 Nf8 9. Be3 Ng6 10. Qd2 0-0 11. Rac1 Re8 12. d5 c5 13. a3 Bd7 14. b4 b6 15. Rb1 Bf8 16. Kh2 h6 17. Rg1 Nh5 18. g3 Qc8 19. Bf1 Be7 20. bxc5 bxc5 21. Qb2 Rb8 22. Qxb8 Qxb8 23. Rxb8 Rxb8 24. Nd2 Rb2 25. Bd3 Nhf4 26. gxf4 exf4 27. Rb1 Rxb1 28. Bxb1 fxe3 29. fxe3 Bg5 30. Nd1 Ne5 31. Bc2 Bc8 32. Kg3 Ba6 33. Bb3 Bd8 34. Nc3 Ba5 35. Ncb1 Kf8 36. Ba2 Ke7 37. Bb3 Kf6 38. Ba2 Nd3 39. Bb3 Ne5 40. Ba2 g6 41. Bb3 g5 42. Ba2 Nd3 43. Bb3 Ne5 44. Ba2 h5 45. Bb3 Kg6 46. Kg2 g4 47. h4 Kg7 48. Kg3 Bd8 49. Nc3 Ng6 50. Nb5 Bxh4+ 51. Kg2 Be1 52. Nf1 Bxb5 53. cxb5 Ne5 54. Ng3 Bxg3 55. Kxg3 c4 56. Bc2 c3 57. a4 Nc4 58. e5 dxe5 59. e4 Kf8 60. Bd3 Ke7 0-1

[Event "SWE-chT 0203"]
[Site "Sweden"]
[Date "2003.03.01"]
[Round "8"]
[White "Johansson, Thomas"]
[Black "Mansson, Lars"]
[Result "0-1"]
[WhiteElo "2231"]
[BlackElo "2201"]
[PlyCount "76"]
[EventDate "2002.10.11"]
[EventType "team"]
[EventRounds "11"]
[EventCountry "SWE"]
[SourceTitle "EXT 2004"]
[Source "ChessBase"]
[SourceDate "2003.11.25"]
[SourceVersion "1"]
[SourceVersionDate "2003.11.25"]
[SourceQuality "1"]
[WhiteTeam "Lund"]
[BlackTeam "Limhamn"]
[WhiteTeamCountry "SWE"]
[BlackTeamCountry "SWE"]

1. e4 c6 2. Nc3 d5 3. f4 dxe4 4. Nxe4 Nf6 5. Nf2 Bf5 6. Nf3 e6 7. Bc4 Bd6 8. d4 0-0 9. 0-0 c5 10. Be3 Qc7 11. Ne5 cxd4 12. Qxd4 Nc6 13. Nxc6 Qxc6 14. Bb3 Rfd8 15. Rad1 Be7 16. Qa4 Qxa4 17. Bxa4 Nd5 18. Bd2 Bc5 19. Bb3 Nf6 20. Kh1 Bxf2 21. Rxf2 Ne4 22. Re2 Bg4 23. Rxe4 Bxd1 24. Ba5 b6 25. Bc3 Bh5 26. h3 Bg6 27. Re2 h5 28. Kh2 Rd1 29. g4 hxg4 30. hxg4 Rf1 31. Be5 Rd8 32. c3 Rf3 33. Kg2 Rdd3 34. Bb8 Rg3+ 35. Kf2 Rdf3+ 36. Ke1 Rg1+ 37. Kd2 Rd3+ 38. Kc2 Rd8+ 0-1

[Event "Nordic-chT U20"]
[Site "Viby"]
[Date "2002.09.06"]
[Round "1.6"]
[White "Bjerke, Silje"]
[Black "Mansson, Lars"]
[Result "1-0"]
[WhiteElo "2059"]
[BlackElo "2246"]
[PlyCount "89"]
[EventDate "2002.09.06"]
[EventType "team-tourn"]
[EventRounds "3"]
[EventCountry "DEN"]
[SourceTitle "EXT 2018"]
[Source "ChessBase"]
[SourceDate "2017.10.13"]
[SourceVersion "1"]
[SourceVersionDate "2017.10.13"]
[SourceQuality "1"]
[WhiteTeam "Norway"]
[BlackTeam "Sweden"]
[WhiteTeamCountry "NOR"]
[BlackTeamCountry "SWE"]

1. d4 d5 2. c4 c6 3. Nc3 Nf6 4. e3 e6 5. Nf3 Nbd7 6. Bd3 dxc4 7. Bxc4 b5 8. Bd3 a6 9. e4 c5 10. d5 Bb7 11. 0-0 Qc7 12. dxe6 fxe6 13. Bc2 Bd6 14. h3 0-0-0 15. Qe2 h6 16. Re1 Ne5 17. Nd1 Nfd7 18. a4 Nxf3+ 19. Qxf3 Ne5 20. Qe2 Nc6 21. Be3 Qa5 22. Rc1 Kb8 23. axb5 Nd4 24. Bxd4 cxd4 25. Bd3 axb5 26. b3 b4 27. Nb2 Qe5 28. g3 Qg5 29. h4 Qe7 30. e5 Bc7 31. Be4 Bxe4 32. Qxe4 Rd5 33. Nd3 g5 34. h5 Rc8 35. Rc4 Ba5 36. Rxd4 Rxd4 37. Qxd4 Rd8 38. Qc4 Rd5 39. Rc1 Qd7 40. Nxb4 Rd1+ 41. Rxd1 Qxd1+ 42. Kg2 Bb6 43. Qxe6 Bxf2 44. Qe8+ Kc7 45. Qf7+ 1-0

[Event "SWE-ch U20"]
[Site "Skara"]
[Date "2002.07.13"]
[Round "13"]
[White "Mansson, Lars"]
[Black "Semcesen, Daniel"]
[Result "1/2-1/2"]
[WhiteElo "2210"]
[BlackElo "2097"]
[PlyCount "29"]
[EventDate "2002.06.30"]
[EventType "tourn"]
[EventRounds "13"]
[EventCountry "SWE"]
[SourceTitle "CBM 089 Extra"]
[Source "ChessBase"]
[SourceDate "2002.09.10"]
[SourceVersion "2"]
[SourceVersionDate "2002.09.10"]
[SourceQuality "1"]

1. e4 c5 2. Nf3 Nc6 3. Bb5 g6 4. Bxc6 dxc6 5. d3 Bg7 6. h3 e5 7. Be3 Qe7 8. Qd2 Nf6 9. Bh6 Nh5 10. Nc3 Bxh6 11. Qxh6 f6 12. 0-0-0 Be6 13. Nd2 0-0-0 14. Qe3 g5 15. g3 1/2-1/2

[Event "SWE-ch U20"]
[Site "Skara"]
[Date "2002.07.10"]
[Round "10"]
[White "Andersson, Fredrik1111"]
[Black "Mansson, Lars"]
[Result "1-0"]
[WhiteElo "2273"]
[BlackElo "2210"]
[PlyCount "81"]
[EventDate "2002.06.30"]
[EventType "tourn"]
[EventRounds "13"]
[EventCountry "SWE"]
[SourceTitle "CBM 089 Extra"]
[Source "ChessBase"]
[SourceDate "2002.09.10"]
[SourceVersion "2"]
[SourceVersionDate "2002.09.10"]
[SourceQuality "1"]

1. e4 c6 2. d4 d5 3. Nc3 g6 4. Nf3 Bg7 5. h3 Nh6 6. Bf4 f6 7. exd5 cxd5 8. Nb5 Na6 9. c4 Nf7 10. cxd5 Qxd5 11. Nc3 Qe6+ 12. Be2 0-0 13. 0-0 Qf5 14. Bg3 Nb4 15. Qb3 a5 16. Bc4 Bh6 17. Rae1 Nc6 18. Nd5 a4 19. Qa3 b5 20. Qc5 bxc4 21. Qxc6 Ra7 22. Nxe7+ Rxe7 23. Rxe7 a3 24. bxa3 Qd3 25. Rc7 Bf5 26. Re1 Qxa3 27. Qxc4 g5 28. Ree7 Bg6 29. d5 f5 30. Be5 g4 31. Nh4 Nxe5 32. Rxe5 g3 33. fxg3 Qxg3 34. Nf3 Bh5 35. Qh4 Qg6 36. Re6 Be3+ 37. Rxe3 Bxf3 38. Rxf3 Qb6+ 39. Kh2 Qxc7+ 40. Qg3+ Qxg3+ 41. Kxg3 1-0

[Event "SWE-ch U20"]
[Site "Skara"]
[Date "2002.07.07"]
[Round "7"]
[White "Olsson, Linus"]
[Black "Mansson, Lars"]
[Result "1-0"]
[WhiteElo "2252"]
[BlackElo "2210"]
[PlyCount "88"]
[EventDate "2002.06.30"]
[EventType "tourn"]
[EventRounds "13"]
[EventCountry "SWE"]
[SourceTitle "CBM 089 Extra"]
[Source "ChessBase"]
[SourceDate "2002.09.10"]
[SourceVersion "2"]
[SourceVersionDate "2002.09.10"]
[SourceQuality "1"]

1. e4 c6 2. d4 d5 3. Nc3 dxe4 4. Nxe4 Nf6 5. Nxf6+ gxf6 6. c3 Bf5 7. Nf3 e6 8. g3 Qd5 9. Bg2 Qc4 10. Qe2 Bd3 11. Qd2 Nd7 12. b3 Qa6 13. c4 Be4 14. 0-0 Bg7 15. Re1 f5 16. Qg5 Bf6 17. Qh5 0-0-0 18. Bg5 Rhf8 19. Bxf6 Nxf6 20. Qh4 Nd7 21. Qxh7 c5 22. Red1 cxd4 23. Nxd4 Bxg2 24. Kxg2 Ne5 25. f3 Qb6 26. Qg7 Ng6 27. c5 Qa6 28. Kf2 e5 29. Ne2 Rxd1 30. Rxd1 Qxa2 31. c6 Qxb3 32. cxb7+ Qxb7 33. Rd2 Qb6+ 34. Kg2 Rd8 35. Rc2+ Kb8 36. Qxf7 Ka8 37. Qxf5 Ne7 38. Qxe5 Nd5 39. Qe4 Qb7 40. Rd2 a5 41. Nc3 Nxc3 42. Rxd8+ Ka7 43. Qxb7+ Kxb7 44. Rd3 Nb5 1-0

[Event "SWE-ch U20"]
[Site "Skara"]
[Date "2002.07.05"]
[Round "6"]
[White "Mansson, Lars"]
[Black "Namini, Armin"]
[Result "1/2-1/2"]
[WhiteElo "2210"]
[BlackElo "2126"]
[PlyCount "93"]
[EventDate "2002.06.30"]
[EventType "tourn"]
[EventRounds "13"]
[EventCountry "SWE"]
[SourceTitle "CBM 089 Extra"]
[Source "ChessBase"]
[SourceDate "2002.09.10"]
[SourceVersion "2"]
[SourceVersionDate "2002.09.10"]
[SourceQuality "1"]

1. e4 c5 2. Nf3 d6 3. Bb5+ Bd7 4. Bxd7+ Nxd7 5. 0-0 Ngf6 6. Re1 e6 7. b3 b5 8. Bb2 Be7 9. d4 0-0 10. Nbd2 Qc7 11. c4 cxd4 12. Bxd4 e5 13. Bb2 b4 14. Nf1 Nc5 15. Qc2 Rfe8 16. N3d2 Qb7 17. f3 Ncd7 18. Ne3 Bf8 19. Kh1 g6 20. Ndf1 a5 21. Red1 a4 22. Nd5 Nxd5 23. exd5 Bh6 24. Nd2 Bxd2 25. Qxd2 axb3 26. axb3 Nc5 27. Qe3 Rxa1 28. Rxa1 Ra8 29. Re1 Ra2 30. Bxe5 Qe7 31. Bd4 Qxe3 32. Rxe3 Kf8 33. Bf6 Ra3 34. h3 Rxb3 35. Be7+ Ke8 36. Rxb3 Nxb3 37. Bxd6 Na5 38. Bxb4 Nxc4 39. Kg1 Nb6 40. d6 Kd7 41. Kf2 Nc8 42. Ke3 Nxd6 43. Kf4 Ne8 44. Kg5 h5 45. Bc3 Ke6 46. Kf4 Nd6 47. Be1 1/2-1/2